000 00868nam a2200229Ii 4500
003 JO-AjNU
008 230605s9999||||xx |||||||||||||| ||und||
017 _a2020/2/779
020 _a978-9957-95-796-4
040 _aJO-AjNU
_bara
_erda
_cJO-AjNU
041 _aara
050 1 4 _aHG6024.2020
100 3 _aالظهراوي، محمد سامي علي,
_eauthor
_961638
245 0 0 _aالمشتقات المالية بين النظرية والتطبيق = Financial Derivatives in Theory & Practice
250 _aط1
264 3 1 _aعمان: دار الايام للنشر والتوزيع، 2020
300 _a324ص
336 _atext
_btxt
_2rdacontent
337 _aunmediated
_bn
_2rdamedia
338 _avolume
_bnc
_2rdacarrier
650 4 _aالمشتقات المالية-العقود-سعر الصرف-العملات-الاسواق المالية
_961639
999 _aA27871
_c31439
_d31439